Every Billie Eilish Song - Statistics

General Stats
  • This quiz has been taken 68 times
  • The average score is 51 of 64
Answer Stats
Hint Answer % Correct
2 bad guy
97%
4 BIRDS OF A FEATHER
97%
9 &burn (with Vince Staples)
94%
7 L'AMOUR DE MA VIE
94%
4 my future
94%
1 SKINNY
94%
15 Happier Than Ever
91%
2 LUNCH
91%
7 ocean eyes
91%
5 WILDFLOWER
91%
3 xanny
91%
5 all the good girls go to hell
88%
3 Billie Bossa Nova
88%
10 BLUE
88%
3 CHIHIRO
88%
1 Getting Older
88%
13 i love you
88%
4 watch
88%
12 Your Power
88%
9 BITTERSUITE
84%
1 COPYCAT
84%
6 GOLDWING
84%
14 goodbye
84%
2 I Didn't Change My Number
84%
2018 lovely (with Khalid)
84%
13 NDA
84%
8 THE DINER
84%
6 THE GREATEST
84%
14 Therefore I Am
84%
8 8
81%
6 bellyache
81%
10 bury a friend
81%
2 idontwannabeyouanymore
81%
16 Male Fantasy
81%
3 my boy
81%
9 my strange addiction
81%
2023 What Was I Made For?
81%
6 wish you were gay
81%
4 you should see me in a crown
81%
2018 come out and play
78%
11 ilomilo
78%
12 listen before i go
78%
7 Lost Cause
78%
2022 The 30th
78%
2022 TV
78%
2024 Guess (with Charli xcx)
75%
8 Halley's Comet
75%
10 OverHeated
75%
5 Oxytocin
75%
5 party favor
75%
7 when the party's over
75%
9 Not My Responsibility
72%
2016 Six Feet Under
72%
2018 bitches broken hearts
69%
2019 everything i wanted
69%
8 hostage
69%
2020 No Time To Die
69%
11 Everybody Dies
66%
2017 Bored
63%
2019 WHEN I WAS OLDER
63%
2021 Lo Vas A Olvidar
53%
2023 hotline (edit)
41%
1 intro (!!!!!!!!)
38%
2023 L'AMOUR DE MA VIE [OVER NOW EXTENDED EDIT]
28%
No matching quizzes found
Score Distribution
Percent of People with Each Score
Percentile by Number Answered
Your Score History
You have not taken this quiz